Mechanics of fluids /
Guardado en:
| Autor Principal: | |
|---|---|
| Otros Autores: | |
| Formato: | Libro |
| Idioma: | English |
| Publicado: |
London :
Longman,
1979.
|
| Edición: | 3rd ed., in SI units. |
| Materias: | |
| Etiquetas: |
Agregar Etiqueta
Sin Etiquetas, Sea el primero en etiquetar este registro!
|
| LEADER | 00725cam a22002295a 4500 | ||
|---|---|---|---|
| 001 | EIQ.libpla003183 | ||
| 008 | 780629s1979####enka##########001#0#eng#d | ||
| 005 | 20071101192217.0 | ||
| 245 | 1 | 0 | |a Mechanics of fluids / |c A. C. Walshaw and D. A. Jobson. |
| 250 | |a 3rd ed., in SI units. | ||
| 260 | |a London : |b Longman, |c 1979. | ||
| 300 | |a xvii, 599 p. : |b il. ; |c 24 cm. | ||
| 500 | |a Incluye índice. | ||
| 020 | |a 0582444950 | ||
| 100 | 1 | |a Walshaw, A. C. |q (Arthur Clifford), |d 1907- | |
| 700 | 1 | |a Jobson, Donald Albert. | |
| 082 | 0 | 0 | |a 532 |
| 650 | 4 | |a Procesos |x Mecánica de fluídos. | |
| 650 | 4 | |a Processes |x Fluid mechanics. | |
| 010 | |a 78040422 | ||
| 040 | |a DLC |c DLC |d AR-BbSID | ||
| 859 | |a AR-BbSID |b BIB. PLAPIQUI |h 532 |i W 168 |p 288 | ||
